Biological inputs in promoting the growth of Bauhinia forficata Link. seedlings (Registro n. 300178)
[ somente texto ]
| 000 -LÍDER | |
|---|---|
| fixed length control field | 05836nab a2200361 i 4500 |
| 003 - CÓDIGO MARC DA AGÊNCIA CATALOGADORA | |
| Campo de controle | BR-BrBNA |
| 005 - DATA E HORA DA ÚLTIMA ATUALIZAÇÃO | |
| Campo de controle | 20240621143458.0 |
| 008 - CAMPO DE TAMANHO FIXO | |
| fixed length control field | 240621b2020 bl.qr|pooa||| 00| 0 eng | |
| 040 ## - FONTE DA CATALOGAÇÃO | |
| Agência catalogadora | BR-BrBNA |
| Idioma da catalogação | eng |
| 072 ## - CATEGORIA AGRIS | |
| Código AGRIS | F04 |
| Código do objeto | 2790 |
| 072 ## - CATEGORIA AGRIS | |
| Código AGRIS | P34 |
| 100 ## - ENTRADA PRINCIPAL - NOME PESSOAL | |
| Nome pessoal | Peccatti, Aline |
| 100 ## - ENTRADA PRINCIPAL - NOME PESSOAL | |
| Nome pessoal | Rovedder, Ana Paula Moreira |
| 100 ## - ENTRADA PRINCIPAL - NOME PESSOAL | |
| Nome pessoal | Steffen, Gerusa Pauli Kist |
| 100 ## - ENTRADA PRINCIPAL - NOME PESSOAL | |
| Nome pessoal | Maldaner, Joseila |
| 100 ## - ENTRADA PRINCIPAL - NOME PESSOAL | |
| Nome pessoal | Camargo, Betina |
| 100 ## - ENTRADA PRINCIPAL - NOME PESSOAL | |
| Nome pessoal | Dalcul, Luna Parode |
| 100 ## - ENTRADA PRINCIPAL - NOME PESSOAL | |
| Nome pessoal | Capitani, Luana Camila |
| 100 ## - ENTRADA PRINCIPAL - NOME PESSOAL | |
| Nome pessoal | Hummel, Rafaela Badinelli |
| 100 ## - ENTRADA PRINCIPAL - NOME PESSOAL | |
| Nome pessoal | Neeuenschwander, Frederico |
| 245 ## - TÍTULO PRINCIPAL | |
| Título principal | Biological inputs in promoting the growth of Bauhinia forficata Link. seedlings |
| 500 ## - NOTA GERAL | |
| Nota geral | Publicação on-line; 31 ref.; 7 tables; Summaries (En, Pt) |
| 942 ## - ADDED ENTRY ELEMENTS (KOHA) | |
| Koha item type | |
| 520 ## - NOTA DE RESUMO | |
| Nota de conteúdo | <br/><br/>Abstract<br/><br/>Crops of medicinal plants demand careful attention with agrochemicals in order to avoid changing<br/>the composition of its active principles. Biological inputs are more recommended for this purpose. We<br/>tested the effects of Trichoderma and vermicompost on Bauhinia forficata Link. seedlings, one of the most<br/>exploited species for medicinal purposes. Two trials were installed in a completely randomized design with<br/>40 replicates in a greenhouse in southern Brazil. We tested two Trichoderma asperelloides strains (T1 and<br/>T2) and two Trichoderma harzianum strains (T13 and T33) inoculated on substrate and a control treatment<br/>(substrate without inoculation). The vermicompost assay tested the proportions 0, 20, 40, 50, 60 and 80 %<br/>vermicompost (T1, T2, T3, T4, T5 and T6 respectively). The variables of height, collar diameter, chlorophyll<br/>content and leaf number were evaluated at 45, 90 and 135 days after seeding. We analyzed seedlings survival,<br/>leaf area, shoot and root total dry biomass, and Dickson Quality Index at 135 days after seeding. Leaf area<br/>was submitted to the Tukey test (α = 0.05). Other variables did not present normality and homogeneity<br/>of variances and were compared by Kruskal-Wallis (α = 0.05). Biological inputs positively influenced the<br/>initial growth of Bauhinia forficata. Height, collar diameter, leaf area and try biomass (total, shoot and root)<br/>were higher in relation to control treatments for both trials. Among Trichoderma strains, T13 presented<br/>the best results in relation to T33. Seedlings produced with larger percentages of vermicompost (50, 60 and<br/>80%) presented statistically higher development for height and collar diameter 90 days after seeding when<br/>compared to the control treatment. However, there was no clear pattern of differences between the other<br/>doses of this entry, requiring further dosing tests. Trichoderma and vermicompost showed to be promising<br/>for the production of Bauhinia forficata for medicinal purposes.<br/><br/>Keywords: Trichoderma; Vermicompost; Medicinal species; Pata-de-vaca; Fabaceae |
| 520 ## - NOTA DE RESUMO | |
| Nota de conteúdo | <br/><br/>Resumo<br/><br/>O cultivo de plantas medicinais exige cuidado na aplicação de agroquímicos a fim de evitar a alteração<br/>da composição de seus princípios ativos. Os insumos biológicos são mais recomendáveis para esse<br/>propósito. Foi testado o efeito de Trichoderma spp. e vermicomposto em mudas de Bauhinia forficata Link.,<br/>uma das espécies florestais mais exploradas para fins medicinais, a partir de dois ensaios instalados em<br/>delineamento inteiramente casualizado com 40 repetições, em casa de vegetação. Testamos duas estirpes<br/>de Trichoderma asperelloides (T1 e T2) e duas estirpes de Trichoderma harzianum (T13 e T33) inoculadas<br/>em substrato e um tratamento controle (substrato sem inoculação). O ensaio com vermicomposto testou<br/>as proporções de 0, 20, 40, 50, 60 e 80 % de vermicomposto (T1, T2, T3, T4, T5 e T6 respectivamente). As<br/>variáveis altura, diâmetro do coleto, teor de clorofila e número de folhas foram avaliadas aos 45, 90 e 135<br/>dias após a semeadura. Analisamos também a sobrevivência, área foliar, biomassa seca total, da parte<br/>aérea e raízes e Índice de Qualidade de Dickson das mudas aos 135 dias após a semeadura. A área foliar foi<br/>submetida ao teste de Tukey (α = 0,05). Outras variáveis não apresentaram normalidade e homogeneidade<br/>de variâncias e foram comparadas por Kruskal-Wallis (α = 0,05). Os insumos biológicos influenciaram<br/>positivamente no crescimento inicial de Bauhinia forficata. A altura, o diâmetro do coleto, a área foliar e a<br/>biomassa seca (total, aérea e radicular) foram superiores em relação aos tratamentos controle, para ambos<br/>os ensaios. Dentre as estirpes de Trichoderma spp., T13 apresentou melhores resultados para o crescimento<br/>das mudas em relação à T33. Mudas produzidas com proporções maiores de vermicomposto (50, 60 e 80<br/>%) apresentaram desenvolvimento estatisticamente superior em altura e diâmetro do coleto, a partir dos<br/>90 dias após semeadura, quando comparado ao tratamento controle. No entanto, não houve um padrão<br/>claro de diferenças entre as outras doses testadas, exigindo mais testes de dosagem. Trichoderma spp. e<br/>vermicomposto mostraram-se promissores para produção de Bauhinia forficata para fins medicinais.<br/><br/>Palavras-chave: Trichoderma; Vermicomposto; Espécies medicinais; Pata-de-vaca; Fabaceae |
| 650 ## - ASSUNTO - THESAGRO | |
| Cabeçalho tópico ou nome geográfico | TRICHODERMA |
| 650 ## - ASSUNTO - THESAGRO | |
| Cabeçalho tópico ou nome geográfico | PLANTA MEDICINAL |
| 650 ## - ASSUNTO - THESAGRO | |
| Cabeçalho tópico ou nome geográfico | MORORÓ |
| 650 ## - ASSUNTO - THESAGRO | |
| Cabeçalho tópico ou nome geográfico | BAUHINIA FORFICATA |
| 773 0# - ENTRADA ANALÍTICA | |
| Host Biblionumber | 4065 |
| Registro do item | 315987 |
| Imprenta | Santa Maria-RS Universidade Federal de Santa Maria - Centro de Pesquisas Florestais.Departamento de Ciências Florestais. Programa de Pós-Graduação em Engenharia Florestal 1991 |
| Outro identificador | 2024-2357 |
| Título | Ciência Florestal (Brazil) |
| ISSN | 0103-9954; 1980-5098 (on-line) |
| Colação | v. 30(2) p. 367-379; (Apr-Jun 2020) |
| Número de controle de registro | BR2023001748 |
| 856 ## - ACESSO E ENDEREÇO ELETRÔNICO | |
| Identificador uniforme de recurso - URI | https://www.scielo.br/j/cflo/a/LKnjgjLxWmVTYQ36wLvZL4N/?format=pdf&lang=en |
Nenhum exemplar disponível.

BINAGRI